Oil and Gas oil Africa : A legal and commercial analysis of the upstream industry (Record no. 346)

MARC details
000 -LEADER
fixed length control field 00533nam a2200193Ia 4500
003 - CONTROL NUMBER IDENTIFIER
control field OSt
005 - DATE AND TIME OF LATEST TRANSACTION
control field 20241227143758.0
008 - FIXED-LENGTH DATA ELEMENTS--GENERAL INFORMATION
fixed length control field 240428s9999||||xx |||||||||||||| ||und||
020 ## - INTERNATIONAL STANDARD BOOK NUMBER
International Standard Book Number 9781909416680
041 ## - LANGUAGE CODE
Language code of text/sound track or separate title eng
082 ## - DEWEY DECIMAL CLASSIFICATION NUMBER
Classification number 553.28
100 ## - MAIN ENTRY--PERSONAL NAME
Personal name Hammerson, Marc - LaMaster, John C.
245 #0 - TITLE STATEMENT
Title Oil and Gas oil Africa : A legal and commercial analysis of the upstream industry
260 ## - PUBLICATION, DISTRIBUTION, ETC.
Name of publisher, distributor, etc. Globe Business Pubs. Ltd
Place of publication, distribution, etc. London
300 ## - PHYSICAL DESCRIPTION
Extent 244p.: tabs.;
650 ## - SUBJECT ADDED ENTRY--TOPICAL TERM
Topical term or geographic name entry element Oil and Gas - Africa
942 ## - ADDED ENTRY ELEMENTS (KOHA)
Koha item type Books
Source of classification or shelving scheme Dewey Decimal Classification
Holdings
Withdrawn status Lost status Source of classification or shelving scheme Damaged status Not for loan Home library Current library Shelving location Date acquired Total checkouts Full call number Date last seen Copy number Price effective from Koha item type
    Dewey Decimal Classification     Main Library Main Library Open Shelves 16/09/2021   553.28 Acc No.1165 C1 29/04/2024 1 29/04/2024 Books
    Dewey Decimal Classification     Main Library Main Library Open Shelves 27/12/2024   553.28 Acc.No.1176 C2 27/12/2024 2 27/12/2024 Books
©2026  Parliament of Ghana Library - All rights reserved